Quizzes
Events
Quiz Creation
Community
Videos
Private Events
Remove Ads
Sign In
Join for FREE
Feedback
Dark Mode
Quiz Categories
Sports
Geography
Music
Movies
Television
Just For Fun
Miscellaneous
History
Literature
Language
Science
Gaming
Entertainment
Religion
Holiday
For Kids
Quiz Lab
Recent
Popular Today
Quiz Kudos Today
Editor Picks
Curator Picks
Quizzes by...
Day
Popularity
Type
Ratings
Length
Year
Community
Subscriptions
Recent Discussions
Orange Saloon
Badges
Playlists
Quests
Create
Leaderboards
Showdown
Live 5
Trivia Bingo
Activity
Puzzle Library
Sporcle Events
Private Events
Virtual Trivia
Globe League
Become a Host
Pub Owners
SporcleCon
Opinionation
Our Games
Videos
Blog
Mobile Apps
Partnerships
Remove Ads and Go Orange
Feedback
Movies
Disney
Marvel Cinematic Universe
Movie Resume
Movie Titles
Oscar
Actor
Actress
Director
Pixar
Role
Movie Quotes
Movie Characters
Box Office
Nominee
Best Picture
Star Wars
James Bond
Horror Movies
Movies
Disney
Marvel Cinematic Universe
Movie Resume
Movie Titles
Oscar
Actor
Actress
Director
Pixar
Role
Movie Quotes
Movie Characters
Box Office
Nominee
Best Picture
Star Wars
James Bond
Horror Movies
Random Quiz
Search Sporcle
×
Quiz Lab
Quiz Lab
Movies
soundtrack
Type in answers that appear in a list
Type in answers that appear in a list
Classic
Best Score? Go Orange.
Movies by Soundtrack Stats
Can you name the movies from clips of their soundtracks?
By
TBarrett12
10m
22 Questions
454 Plays
454 Plays
454 Plays
Comments
Comments
Give Quiz Kudos
Give Quiz Kudos
-
- Ratings
hide this ad
Replay
Link that replays current quiz
Next Quiz
Link to next quiz in quiz playlist
You Got
0%
They Got
Avg Score
27%
Avg Friend Score
Upgrade to see
Score Distribution
Jump to the score distribution portion of the page
Score
0/22
Timer
10:00
0
Plays Today
Time
Movie
% Correct
0:00 -
0:13
Pulp Fiction
85.9%
2:40 -
2:56
Titanic
69.3%
3:14 -
3:25
Raiders of the Lost Ark
69.3%
4:06 -
4:19
Toy Story
62.7%
1:01 -
1:14
Requiem for a Dream
57.8%
0:31 -
0:47
The Blues Brothers
38.2%
5:06 -
5:20
Ferris Bueller's Day Off
36%
3:39 -
3:52
Star Trek
27.2%
4:20 -
4:34
Saw
25.8%
1:43 -
1:55
Pee-Wee's Big Adventure
19%
2:10 -
2:26
American Psycho
18.1%
Time
Movie
% Correct
2:27 -
2:39
Shaun of the Dead
13.2%
1:56 -
2:09
Ocean's Thirteen
12.8%
3:53 -
4:05
Napoleon Dynamite
12.6%
0:48 -
1:01
The Wrestler
9.3%
1:15 -
1:29
Moon
9.1%
1:30 -
1:42
The Fountain
7.9%
3:26 -
3:38
Donnie Darko
7.1%
4:35 -
4:48
The Shawshank Redemption
6.2%
2:57 -
3:13
Escape from New York
4.9%
4:49 -
5:05
Eternal Sunshine of the Spotless Mind
4.4%
0:14 -
0:30
World's Greatest Dad
2.2%
Quiz Playlist
Details
Report
Send in Message
Add To Playlist
Classic:
Type in answers that appear in a list
Last Updated: Feb 16, 2017
Quiz Scoreboard
CHALLENGE
Sign Up to Join the Scoreboard
Show All
Scores
Hide
Comments
May contain spoilers
Recently Published
Presidents Visiting Landmarks
by Hejman
History
7m
An Introduction to Baseball
by treessimontrees
Sports
5m
Movies - When Are They Set?
by FPL_Elf
Movies
5m
More to Explore
Quiz From the Vault
Featured Blog Post
Where Did the Easter Bunny Come From?
hide this ad
You Might Also Like...
Tags
soundtrack
Today's Top Quizzes in Movies
Browse Movies
hide this ad
Today's Top Quizzes in soundtrack
Browse soundtrack
Top Contributed Quizzes in Movies
1
Pick 5 Posters: Directed by Spielberg
2
7-to-1: Pixar Characters
3
Pick 5 Posters: Lowest-Rated Spielberg
4
Pick 5 Posters: Directed by Scorsese
5
Sorting Actors
6
Sorting Actresses
7
Pick 5 Posters: Star & Director
8
Pick 5 Posters: Women Directed 2020s
9
12 Movies about Fictional 1960s Events
10
Multi-Oscar Nominations, One Movie, One Winner
Explore More
Trending Topics
Harry Potter
Anime
Kpop
NBA
Marvel
Disney
Crossword
Pokémon
Song
NFL
Soccer
Country
Puzzle
The Office
WWE
hide this ad
More By:
TBarrett12
Quiz
Plays
Rating
Category
Featured
Created
Movies by Soundtrack
454
2.83
Movies
Mar 29, 2011
Movie by Last Line
166
4.00
Movies
May 20, 2011
Movie Scenes
151
3.60
Movies
Apr 22, 2011
Movies by Supporting Characters
141
4.00
Movies
Mar 26, 2011
Movies by Director
109
4.50
Movies
Mar 25, 2011
Go to Creator's Profile
Score Distribution
Quiz Creator Spotlight
TBarrett12
Follow
Send a Message
Quizzes Created
-
Created Quiz Play Count
-
More By This Creator
Popular Quizzes Today
1
Find the US States - No Outlines Minefield
2
Find the Countries of Europe - No Outlines Minefield
3
The Countries of the World
4
Find the US States
5
Popular People in 1961
6
US States
7
Risky Map Clicking: Biggest States A-Z
8
Movies - When Are They Set?
More Movies Quizzes
30 Scattered Posters of Matthew McConaughey
Quiz Lab
Trending Quizzes
Risky Map Clicking: Least Populous States A-Z
1-10 Letter G Words
1-10 Letter F Words
Risky Map Clicking: Next State Alphabetically
Risky Map Clicking: Biggest States A-Z
Recently Updated
Leaping Animals
pecheneg
Reality TV Shows (A-Z)
bhenderson79
Rickey Henderson's Hall of Fame Teammates
pecheneg
Champions League XIs: Arsenal
pecheneg
Quick Pick: Celebrities in WWE's Hall of Fame
aduchscher
A-Z Keypad Blitz II
pecheneg
Multiple Oscar Actors
pecheneg
Mystery Phrase Blitz: Oscar 'Best Actors'
pecheneg
F. Scott Fitzgerald Novels
LTH
Pick 3 Villains
ddd62291
Trending Topics
Disney
Crossword
Kpop
Marvel
Harry Potter
NBA
Anime
NFL
Song
WWE
Pokémon
Puzzle
Soccer
Country
The Office
Your Account Isn't Verified!
In order to create a playlist on Sporcle, you need to verify the email address you used during registration. Go to your
Sporcle Settings
to finish the process.
Report this User
Report this user for behavior that violates our
Community Guidelines
.
Details:
Send Report
Go to the Sporcle.com Mobile Site →
Comments